000 00426nam a2200169 a 4500
001 0000-9091
003 ELIB.Books
008 110520 1956
035 _a(ELIB.Books)0000-9240
082 _a230
_bMac
100 _aMackintosh, Hugh Ross
245 _aTypes of Modern Theology
260 _bLondon: Nisbet and Co. Ltd.
_c1956
650 _aTheology
942 _2ddc
_cBK
998 _cbat
_e2011-05-20
999 _c9091
_d9091